[Event "Hampstead op U2200 07"]
[Site "Hampstead"]
[Date "2013.07.21"]
[Round "5"]
[White "Zhu, Richard"]
[Black "Puiu, Claudiu"]
[Result "1-0"]
[WhiteElo "1622"]
[BlackElo "1930"]
[PlyCount "100"]
[EventDate "2013.07.20"]
[EventType "swiss"]
[EventRounds "5"]
[EventCountry "ENG"]
[SourceTitle "EXT 2023"]
[Source "ChessBase"]
[SourceDate "2022.10.05"]
[SourceVersion "1"]
[SourceVersionDate "2022.10.05"]
[SourceQuality "1"]

1. d4 d5 2. e3 c5 3. dxc5 Nc6 4. Bb5 Qa5+ 5. Nc3 a6 6. Be2 Nf6 7. Nf3 e6 8. 0-0 Bxc5 9. a3 0-0 10. Bd2 Qc7 11. b4 Bd6 12. Na4 b5 13. Nb2 Ne5 14. h3 Nc4 15. Nxc4 bxc4 16. Bc3 Ne4 17. Be1 Bd7 18. c3 a5 19. Nd4 axb4 20. axb4 Ra7 21. f3 Bh2+ 22. Kh1 Ng3+ 23. Bxg3 Bxg3 24. Rxa7 Qxa7 25. Qa1 Qb7 26. f4 Ra8 27. Qb2 e5 28. fxe5 Bxe5 29. e4 dxe4 30. Bxc4 Bf6 31. Qb3 Ba4 32. Qb1 Qc7 33. Qa2 Qg3 34. Ne2 Qc7 35. Bb5 Qa7 36. Ra1 Bxb5 37. Qxa7 Rxa7 38. Rxa7 g6 39. Ra2 Bg5 40. Ra5 Bxe2 41. Rxg5 f5 42. Rg3 Kf7 43. Re3 Bd3 44. Kg1 Ke6 45. Kf2 f4 46. Rxd3 exd3 47. c4 g5 48. b5 h5 49. b6 Kd6 50. c5+ Kc6 1-0